Stratégia automobilovej spoločnosti v digitálnej ére bakalárska práca

Saved in:
Bibliographic Details
Main Author: Čardáš, Adam
Corporate Author: Obchodná fakulta EU. Katedra medzinárodného obchodu
Other Authors: Pásztorová, Janka, 1960-
Format: Book
Language:Slovak
Published: Bratislava 2018
Tags: Add Tag
No Tags, Be the first to tag this record!

MARC

LEADER 00000nbm a2200000 4500
001 0245009
005 20180926140419.7
041 0 |a slo 
044 |a SK 
245 1 0 |a Stratégia automobilovej spoločnosti v digitálnej ére  |b bakalárska práca  |c Adam Čardáš ; školiteľ: Janka Pásztorová 
264 1 |a Bratislava  |c 2018 
300 |a 55 s. 
100 1 |a Čardáš, Adam 
700 1 |a Pásztorová, Janka, 1960- 
710 2 |a Obchodná fakulta EU. Katedra medzinárodného obchodu